00852cam a2200229u 450000100060000000300080000600500170001400800410003103500190007204000330009104100080012408200180013210000260015024501290017625000110030526000970031630000280041365000440044165000340048570000430051970000600056236445BD-RjUL20211209052504.0860205s1866 pau 000 0aeng  a(BD-RjUL)36545 aDLCcCarPdDLCdBD-RjULbeng aeng a321bDAR 195014aDavies, John Llewelyn14aThe Republic of Plato :btranslated into English, with an analysis and notes /cby John Llewlyn Davies, David James Vaughan  a3d ed. aPhiladelphia,bJ. B. Lippincott and co.;aLondon,bMacmillan and co.,c1852 [Reprinted 1950] axxxii, 370 p. :c16 cm. 0aPolitical sciencevEarly works to 1800. 0aUtopiasvEarly works to 1800.1 aVaughan, David James,d1825-1905,etr.1 aDavid, John Llewelyn 1826-1916, [from old catalog]etr.